Vista normal
Vista MARC
Entrada Nombre personal
Número de registros utilizados en: 144
001 - CONTROL NUMBER
- control field: 615
003 - CONTROL NUMBER IDENTIFIER
- control field: PE SENCICO BE
005 - DATE AND TIME OF LATEST TRANSACTION
- control field: 20260324144750.0
008 - FIXED-LENGTH DATA ELEMENTS
- fixed length control field: 260324|| aca||aabn | a|a d
040 ## - CATALOGING SOURCE
- Original cataloging agency: PE SENCICO BE
100 1# - ENCABEZADO--NOMBRE PERSONAL
- Nombre personal: Ledo Ovies; José M.